000 00503nam a2200193 i 4500
001 32886
003 ES-MaACL
007 t|
008 030131s1954 sp ||||1| spa d
100 1 _aBernaldo, Francisco.
_928213
245 1 0 _aVendaval /
_cFrancisco Bernaldo.
250 _a1ยช ed.
260 _aBarcelona :
_bLuis de Caralt,
_c[1954] (
_fHorta)
300 _a153 p. ;
_c20 cm.
490 1 _aGigante
830 0 _aGigante
_9181050
852 _aES-MaACL
_jC-9268
_bR.37108
999 _c32886
_d32886